000 00929nam a2200253 a 4500
001 BRCA_6604
005 20190320205525.0
008 081010c1964----ag-af#####---#000-0#spa-#
041 _aspa
044 _aag
050 4 _aND553
_b.P56 51 1964
245 1 0 _aPablo Picasso
_bsegunda parte
_cmonografía por Alberto Martini ; traducción por Jesús López Pacheco ; el juicio del siglo XX, por Julio E. Payró.
260 _aArgentina
_bCodex
_c[1964]
300 _a1 v. (sin paginación)
_bil., 16 láminas a color
_c36 cm.
440 0 _aPinacoteca de los genios : la más grandiosa colección de arte del mundo
_v51
_916503
500 _aIncluye índice de ilustraciones
500 _aDonación Dra. Elsa Barberena
600 1 4 _aPicasso, Pablo
_d1881-1973
_94496
700 1 _aMartini, Alberto
_912108
700 1 _aPayró, Julio E.
_912065
700 1 _aLópez Pacheco, Jesús
_etr.
_916504
902 _aDEB
942 _2lcc
_cB
999 _c6288
_d6288